Logo

Description automatically generated
विद्यार्जन
 संसाधन केंद्र, भारतीय प्रौद्योगिकी संस्थान इन्दौर
Learning Resource Center, Indian Institute of Technology Indore

ऑनलाइन सार्वजनिक अभिगम प्रसूची
Online Public Access Catalogue (OPAC)

The nation and its fragments : colonial and postcolonial histories (Record no. 57300)

MARC details
000 -LEADER
fixed length control field 00670nam a2200205Ia 4500
005 - DATE AND TIME OF LATEST TRANSACTION
control field 20260629163254.0
008 - FIXED-LENGTH DATA ELEMENTS--GENERAL INFORMATION
fixed length control field 260629s9999||||xx |||||||||||||| ||und||
020 ## - INTERNATIONAL STANDARD BOOK NUMBER
International Standard Book Number 0691019436
Qualifying information pbk
020 ## - INTERNATIONAL STANDARD BOOK NUMBER
International Standard Book Number 9780691019437
Qualifying information pbk
082 ## - DEWEY DECIMAL CLASSIFICATION NUMBER
Classification number 954.03
Item number CHA
100 ## - MAIN ENTRY--PERSONAL NAME
Personal name Chatterjee, Partha
245 #4 - TITLE STATEMENT
Title The nation and its fragments : colonial and postcolonial histories
260 ## - PUBLICATION, DISTRIBUTION, ETC.
Place of publication, distribution, etc. New Jersey
Name of publisher, distributor, etc. Princeton University Press
Date of publication, distribution, etc. 1993
300 ## - PHYSICAL DESCRIPTION
Extent xiii, 282p. ; 23cm.
653 ## - INDEX TERM--UNCONTROLLED
Uncontrolled term India--History--20th century
653 ## - INDEX TERM--UNCONTROLLED
Uncontrolled term India--History--British occupation, 1765-1947
653 ## - INDEX TERM--UNCONTROLLED
Uncontrolled term Nationalism--India--Bengal--History
653 ## - INDEX TERM--UNCONTROLLED
Uncontrolled term Nationalism--India--History
942 ## - ADDED ENTRY ELEMENTS (KOHA)
Koha item type Book
Holdings
Withdrawn status Lost status Damaged status Not for loan Home library Current library Shelving location Date acquired Source of acquisition Total Checkouts Full call number Barcode Date last seen Price effective from Koha item type
        LRC, IIT Indore LRC, IIT Indore 2nd Floor - General Stack 29/06/2026 Gratis Book Price: USD 58.00   954.03 CHA G2525 29/06/2026 29/06/2026 Book
Copyright © 2017-2026 Indian Institute of Technology Indore. All Rights Reserved.
Managed & maintained by Learning Resource Center, IIT Indore